000 00677nam a2200241Ia 4500
003 OSt
005 20220924125653.0
006 a|||||r|||| 00| 0
007 ta
008 220923b |||||||| |||| 00| 0 per d
024 _a329339
037 _cTextual
040 _aARTS
_cARTS
_bper
041 _2per
_aper
082 _aQ7wE86, 164K4
100 _aNaini Sayed Mohammad Raza Au.
_9198734
245 0 _aSharah-e-hal-o-aasar
260 _aTehran
_bBanazmam majlis maktoob Iran
_c1970
650 _a ISLAM
_9577
650 _aBIOGRAPHY
_92340
942 _hQ7wE86, 164K4
_cTEXL
_2CC
999 _c423180
_d423180